UITU Library & LRC     

Monitoring and Controlling of Transformer and Transmission lines through GSM (Record no. 33321)

MARC details
000 -LEADER
fixed length control field 00512nam a2200133Ia 4500
008 - FIXED-LENGTH DATA ELEMENTS--GENERAL INFORMATION
fixed length control field 260210s9999 xx 000 0 und d
024 ## - OTHER STANDARD IDENTIFIER
Standard number or code 13B-036-EL, 13B-040-EL, 13B-061-EL & 13B-068-EL
082 ## - DEWEY DECIMAL CLASSIFICATION NUMBER
Classification number 621.38456072 ANW
100 ## - MAIN ENTRY--PERSONAL NAME
Personal name Anwar Ul Hassan, Salman Shaikh, M. Daniyal Khan & M. Adil Ali Mallah
245 #0 - TITLE STATEMENT
Title Monitoring and Controlling of Transformer and Transmission lines through GSM
260 ## - PUBLICATION, DISTRIBUTION, ETC.
Place of publication, distribution, etc. Karachi:
Name of publisher, distributor, etc. UITU,
Date of publication, distribution, etc. 2013
600 ## - SUBJECT ADDED ENTRY--PERSONAL NAME
Personal name Power Engineering
650 ## - SUBJECT ADDED ENTRY--TOPICAL TERM
Topical term or geographic name entry element Bachelor of Engineering (BE)

No items available.

Powered by Koha